000 00823nam a22002417a 4500
008 130821s1996 ck gr dspa
020 _a9586016609
_cColección
020 _a9586016625
040 _aCo-BoUCM
_bspa
041 0 0 _aspa
100 1 _aDeas, Malcolm
_d1941-
245 1 0 _aVida y opiniones de Mr. William Wills
_cMalcolm Deas.
260 _aBogotá (Colombia)
_bBanco de la República
_c1996
300 _a2volúmenes
490 _aColección Bibliográfica Banco de la República
504 _aIncluye bibliografía
600 0 4 _aWills, William
_d1805-1875
_vBiografías
600 0 4 _aWills, William
_d1805-1875
_vColecciones de escritos
650 0 4 _aBiografías
_97343
710 2 _aBanco de la República (Bogotá)
942 _cLIBRO
_a7
_e1
_mD285v
_2DEWEY
_h923.3
999 _c92003
_d92003